000 00490nam a2200181Ia 4500
005 20250423100859.0
008 250422s9999 xx 000 0 und d
020 _a0673123251
050 _aPE 1628 .T46/
100 _aThorndike, E. L.
245 0 _aScott, Foresman beginning dictionary
260 _aGlenview
260 _bScott, Foresman
260 _c1974
300 _a718 p
650 _aEnglish language--Dictionaries, Juvenile. English language--Dictionaries.
942 _cBK
999 _c34621
_d34621